How to use Excel in analytical chemistry and in general scientific data analysis
Αποθηκεύτηκε σε:
| Κύριος συγγραφέας: | |
|---|---|
| Μορφή: | Βιβλίο |
| Γλώσσα: | English |
| Δημοσίευση: |
Cambridge ; New York :
Cambridge University Press,
2001
|
| Θέματα: | |
| Ετικέτες: |
Προσθήκη ετικέτας
Δεν υπάρχουν, Καταχωρήστε ετικέτα πρώτοι!
|
MARC
| LEADER | 00000nam a2200000 i 4500 | ||
|---|---|---|---|
| 001 | 1/88545 | ||
| 008 | 051102s2001 eng d | ||
| 020 | |a 0-521-64484-4 | ||
| 035 | |l 10081106 | ||
| 040 | |a GR-MY-UA |b gre |e aacr | ||
| 041 | 0 | |a eng | |
| 082 | 0 | |a 543.002855369 |2 (22) | |
| 100 | 1 | |a De Levie, Robert. | |
| 245 | 1 | 0 | |a How to use Excel in analytical chemistry and in general scientific data analysis / |c Robert de Levie |
| 260 | |a Cambridge ; New York : |b Cambridge University Press, |c 2001 | ||
| 300 | |a xiv, 487 σ.; |b εικ., έγχρ. εικ.; |c 26 εκ. | ||
| 630 | 0 | 0 | |a Microsoft Excel (Computer file) |
| 650 | 0 | 0 | |a Chemistry, Analytic |x Data processing. |
| 650 | 0 | 0 | |a Science |x Statistical methods |x Data processing. |
| 650 | 0 | 0 | |a Electronic spreadsheets. |
| 852 | |a INST |b LESVOS |e 20051102 |h 543.002855369 DEL |p 005100033384 |q 005100033384 |t BK |y 0 | ||
| 852 | |a INST |b LESVOS |e 20060502 |h 543.002855369 DEL |p 005100034950 |q 005100034950 |t BK |y 0 | ||
| 901 | |a BIBL1-2005-3 | ||
| 901 | |a BIBL1-2006-2 | ||
| 909 | |a Λ |b 117869 | ||
| 909 | |a Λ |b 117868 | ||
| 920 | |a ΔΙΕΥΡΥΝΣΗ |b ΕΠΕΑΕΚ-ΤΕΘ |y ΛΕΣΒΟΣ |z 2005-10 | ||
| 970 | |a ΚΑΡΑ |b ΓΙΑΣΕΜΗ |z 2005/11/02 | ||